000 00869nam a22001697a 4500
003 IT-RoPau
005 20220918175936.0
008 121127b xxu||||| |||| 00| 0 eng d
040 _cIT-RoPau
100 _aAlberione Giacomo
_cssp
_914
245 _aDon Alberione ai sacerdoti.
_bEditoriali di Vita Pastorale 1932-1966
250 _a1° ed.
260 _aRoma
_bSocietà San Paolo
_c1996
300 _a192 p.
_c19 cm
520 _aINDICE Approccio pastorale; I Dicembre 1912: parte il dialogo con i lettori; II L'Eucaristia; III La Bibbia; IV Catechesi; V Liturgia; VI Maria Santissima; VII San Paolo; VIII La Chiesa; IX Il Concilio; X Obbedienza; XI Il Parroco; XII Aggiornamento; XIII Predicazione orale; XIV La nuova predicazione; XV Apostolati moderni; XVI La famiglia; XVII Sapienza quotidiana; XVIII Vocazioni; XIX Suore e Istituti secolari.
942 _2ddc
_cBK
999 _c37576
_d37576